| 000 | 00491nam a2200169 a 4500 | ||
|---|---|---|---|
| 005 | 20140412111322.0 | ||
| 008 | 010307s19uu xx 00 eng d | ||
| 020 | _a0-86163-094-7 | ||
| 050 |
_aER _bHo65 1994 |
||
| 100 | _aBlyton, Enid | ||
| 245 |
_aHoo hoo's party / _cEnid Blyton ; illustrated by Rene Cloke. |
||
| 260 |
_aLondon : _bAward Publications, _c1985. |
||
| 300 | _a1 v. (unp.) ; ill. | ||
| 440 | _aEnid Blyton Library | ||
| 650 | _aOwl's stories -- Fiction | ||
| 999 |
_c104418 _d104418 |
||